Statystyki dla Geograficzne rekordy świata i kontynentów

Kliknij tutaj aby rozwiązać quiz!

Ogólne statystyki

  • Ten quiz został rozwiązany 236 razy
  • Średni wynik to 17 z 29

Statystyki odpowiedzi

RekordNazwaWielkość% Poprawnych
Najwyższy szczyt świataMount Everest8 848 m n.p.m.
99%
Najludniejsze państwoChiny1,4 mld ludzi
94%
Największe państwoRosja17 mln km2
94%
Największy kontynentAzja44 mln km2
92%
Najdłuższa rzeka na świecie (w Afryce)Nil6 650 km
92%
Najdłuższa rzeka na świecie (w Ameryce Południowej)Amazonka6 400 lub 7 040 km
91%
Największa pustynia gorąca na świecieSahara9,064 mln km2
87%
Największy ocean na świecieSpokojny155 mln km2
85%
Najdłuższa rzeka w EuropieWołga3 531 km
82%
Największa wyspa na świecieGrenlandia2,166 mln km2
81%
Najwyższy szczyt AfrykiKilimandżaro5 895 m n.p.m.
79%
Najgłębsze jezioro na świecieBajkał1 642 m
75%
Najwyższy szczyt EuropyMont Blanc4 810 m n.p.m.
73%
Najwyższy szczyt AustraliiGóra Kościuszki2 228 m n.p.m.
70%
Największe jezioro na świecieMorze Kaspijskie371 800 km2
69%
Najniższy punkt na ZiemiRów Mariański10 994 m
52%
Największe jezioro w AfryceWiktorii68 800 km2
52%
Najwyższy szczyt Ameryki PółnocnejDenali6 190 m n.p.m.
51%
Największy półwysep na świecieArabski2,78 mln km2
50%
Najwyższy szczyt Ameryki PołudniowejAconcagua6 962 m n.p.m.
46%
Największe jezioro w EuropieŁadoga17 891 km2
40%
Największe jezioro w Ameryce PółnocnejGórne82 100 km2
38%
Największa depresja na świecieWybrzeże Morza Martwego422 m p.p.m.
35%
Najwyższy wodospad na świecieSalto Angel979 m
28%
Największa zatoka na świecieBengalska2,191 mln km2
27%
Największy archipelag na świecieMalajski1,7 mln km2
22%
Największe jezioro w Ameryce PołudniowejMaracaibo14 343 km2
16%
Największe jezioro w AustraliiEyre9 500 km2
15%
Najwyższy wulkan na świecieOjos6 893 m
7%

Rozkład punktacji

Percentyl według liczby udzielonych odpowiedzi

Procent ludzi z każdym wynikiem

Twoja historia wyników

Nie rozwiązałeś tego quizu